La vie de Jean-Jacques Rousseau - Statistiques

Statistiques générales
  • Ce quiz a été pris 64 fois
  • Le résultat moyen est 5 sur 15
Statistiques - réponses
Indice Réponse % Correct
Courant de pensée auquel il appartient Lumières
82%
Ville de naissance Genève
64%
Auteur qui est associé à Rousseau dans la chanson de Gavroche Voltaire
64%
Auteur avec lequel il est en désaccord au sujet de l'article "Droit naturel" lors de la rédaction de l'Encyclopédie Denis Diderot
52%
Ouvrage de philosophie politique majeur de Rousseau Du contrat social ou Principes du droit politique
46%
Livre portant sur « l'art de former les hommes » Émile ou De l'éducation
45%
Nom de son autobiographie composé de douze livres Les Confessions
34%
On y trouve sa sépulture Panthéon
34%
Ville/République dans laquelle il séjourna comme secrétaire de l'ambassadeur de France et qui l'amènera à s'intéresser à la politique Venise
32%
Livre dont la page de titre originale dit Lettres de deux amants, Habitans d'une petite ville au pied des Alpes Julie ou la Nouvelle Héloïse
23%
Son Discours sur les sciences et les arts remporte le premier prix du concours de l'Académie de cette ville Dijon
14%
Philosophe qui avait un portrait de Rousseau comme seul ornement de son bureau Emmanuel Kant
13%
Nom de la maîtresse de Rousseau Madame de {Warens}
5%
Ville du Val-d'Oise dans laquelle on peut trouver le musée Jean-Jacques Rousseau Montmorency
2%
La lecture de la question de ce concours provoqua ce qu'on appelle l'illumination de ... Vincennes
2%
Aucun quiz correspondant
Distribution des résultats
% des personnes avec chaque résultat
Percentile par nombre de réponses
Votre historique - résultats
Vous n’avez pas pris ce quiz